01077nam a2200217 i 450000100060000000300090000600500170001500700030003200800410003511000260007624500650010226000520016730000400021950504000025965100500065970000330070970000390074271000300078185200240081185200240083552737ES-MaACL20240520181644.0t|030903s1976 sp ||||1| spa d1 aEspaña. bGobierno.10aDeclaración política del nuevo Gobierno (julio de 1976). a[Madrid] : bEdiciones del Movimiento, c[1976] a31 p., [16] h. de lám. ; c21 cm.0 aMensaje del presidente del Gobierno, don Adolfo Suárez González, dirigido al país a través de Radiotelevisión Española (6-VII-1976) . Alocución de S.M. el Rey al iniciarse la reunión del Consejo de Ministros, celebrada en el Palacio de la Zarzuela bajo su presidencia (9-VII-1976) . Declaración programática del nuevo Gobierno (16-VII-1976) . Composición del nuevo Gobierno 4aEspaña-xPolítica y gobierno-y1975-1982.1 aSuárez, Adolfo,d1932-20140 aJuan Carlos bI, cRey de España2 aEdiciones del Movimiento. aES-MaACLj2101-F-23 aES-MaACLj2103-F-27